000 00767nam a2200205Ii 4500
003 JO-AjNU
008 230605s9999||||xx |||||||||||||| ||und||
017 _a2000/6/1872
040 _aJO-AjNU
_bara
_erda
_cJO-AjNU
041 _aara
050 1 4 _aD860.S2238 2001
100 3 _aالسعدون، حميد حمد,
_eauthor
_97972
245 0 0 _aفوضوية النظام العالمي الجديد واثارة على النظام الإقليمي العربي
264 3 1 _aعمان: دار الطليعة، 2001
300 _a189ص
336 _atext
_btxt
_2rdacontent
337 _aunmediated
_bn
_2rdamedia
338 _avolume
_bnc
_2rdacarrier
650 4 _aالظروف السياسية- العالم العربي- النظام العالمي الجديد
_97973
999 _aA549
_c4117
_d4117